000 00571nam a2200193Ia 4500
005 20250423095034.0
008 250422s9999 xx 000 0 und d
020 _a0387983880
050 _aRB 43 .5 D55/
100 _aDickersin, G. Richard.
245 0 _aDiagnostic electron microscopy : a text/atlas
250 _a2th ed.
260 _aNew York
260 _bSprınger
260 _c1999
300 _a1005 p
650 _aMikroskopi, Elektron _ Atlaslar Neoplazma _ Atlaslar Sitodiagnoz _ Atlaslar Metabolik Hastalıklar _ Patoloji Atlasları
942 _cBK
999 _c29055
_d29055